|
|
|
|
| LEADER |
00000nam0a2200000 4500 |
| 001 |
357792 |
| 005 |
20231102011028.0 |
| 035 |
|
|
|a (RuTPU)RU\TPU\retro\15060
|
| 090 |
|
|
|a 357792
|
| 100 |
|
|
|a 20200810d1887 m y0rusy50 ca
|
| 101 |
0 |
|
|a rus
|
| 102 |
|
|
|a UA
|
| 105 |
|
|
|a a z 000zy
|
| 200 |
1 |
|
|a О зеркальном методе измерения угловых вариаций
|e отдельный оттиск
|f Н. Д. Пильчикова
|
| 210 |
|
|
|a Харьков
|c Университетская типография
|d 1887
|
| 215 |
|
|
|a 8 с.
|c ил.
|
| 300 |
|
|
|a Текст в русской дореформенной орфографии
|
| 317 |
|
|
|5 63413507: 26//330
|a Поступил в НТБ в 1914 г. в дар от первого директора ТТИ профессора Е. Л. Зубашева
|
| 606 |
1 |
|
|a Угловые измерения, высокоточные
|2 stltpush
|3 (RuTPU)RU\TPU\subj\62445
|9 79521
|
| 610 |
1 |
|
|a угловые вариации
|
| 610 |
1 |
|
|a предмет
|
| 610 |
1 |
|
|a отклонения
|
| 610 |
1 |
|
|a измерение
|
| 610 |
1 |
|
|a зеркальный метод
|
| 610 |
1 |
|
|a описание
|
| 610 |
1 |
|
|a Коллекция Е. Л. Зубашева
|
| 610 |
1 |
|
|a дары библиотеке
|
| 675 |
|
|
|a 531.7
|v 4
|
| 700 |
|
1 |
|a Пильчикова
|b Н. Д.
|
| 801 |
|
1 |
|a RU
|b 63413507
|c 20200810
|
| 801 |
|
2 |
|a RU
|b 63413507
|c 20210702
|g RCR
|
| 942 |
|
|
|c BK
|